All about roofs and slidding / (Record no. 152795)

MARC details
000 -LEADER
fixed length control field 00741nam a2200253 a 4500
008 - FIXED-LENGTH DATA ELEMENTS--GENERAL INFORMATION
fixed length control field
020 ## - INTERNATIONAL STANDARD BOOK NUMBER
International Standard Book Number 0897212371 (paperback)
040 ## - CATALOGING SOURCE
Original cataloging agency NUST
Transcribing agency NUST
049 ## - LOCAL HOLDINGS (OCLC)
Holding library MAIN
090 ## - LOCALLY ASSIGNED LC-TYPE CALL NUMBER (OCLC); LOCAL CALL NUMBER (RLIN)
Classification number (OCLC) (R) ; Classification number, CALL (RLIN) (NR) TH2431
Local cutter number (OCLC) ; Book number/undivided call number, CALL (RLIN) LAH
003 - CONTROL NUMBER IDENTIFIER
control field
005 - DATE AND TIME OF LATEST TRANSACTION
control field 20230123133700.0
100 ## - MAIN ENTRY--PERSONAL NAME
Personal name Lahue, Kalton C.
245 #0 - TITLE STATEMENT
Title All about roofs and slidding /
Statement of responsibility, etc. Kalton C Lahue
260 ## - PUBLICATION, DISTRIBUTION, ETC.
Place of publication, distribution, etc. San Ramon :
Name of publisher, distributor, etc. Orho Books,
Date of publication, distribution, etc. 1991
300 ## - PHYSICAL DESCRIPTION
Extent 112 pages :
Other physical details coloured illustrations ;
Dimensions 25 cm
336 ## - CONTENT TYPE
Content type term text
Content type code txt
Source rdacontent
337 ## - MEDIA TYPE
Media type term unmediated
Media type code n
Source rdamedia
338 ## - CARRIER TYPE
Carrier type term volume
Carrier type code nc
Source rdacarrier
500 ## - GENERAL NOTE
General note Includes index
650 ## - SUBJECT ADDED ENTRY--TOPICAL TERM
Topical term or geographic name entry element Roof
General subdivision installations
907 ## - LOCAL DATA ELEMENT G, LDG (RLIN)
a .b10118585
b 19-05-22
c 16-04-04
942 ## - ADDED ENTRY ELEMENTS (KOHA)
Koha item type Ordinary Loan Books
Call number prefix TH2431
Call number suffix LAH
Holdings
Date last seen Total Checkouts Full call number Barcode Cost, replacement price Price effective from Koha item type Lost status Source of classification or shelving scheme Damaged status Not for loan Collection Withdrawn status Home library Current library Shelving location Date acquired Cost, normal purchase price
01/23/2023 5 TH2431 LAH 92003017368 80.00 01/23/2023 BOOKS   LCC     NFIC   MAIN MAIN GEN 01/23/2023 80.00